| 000 | 00357nam a22001577a 4500 | ||
|---|---|---|---|
| 003 | CEME | ||
| 005 | 20210628203508.0 | ||
| 008 | 210420b xxu||||| |||| 00| 0 eng d | ||
| 040 | _c. | ||
| 082 | _a005.133-F RAJ'F | ||
| 100 |
_aRajasekaram, S _965815 |
||
| 245 | _aFortron for all | ||
| 260 |
_aDELHI _bKHANNA _c1980 |
||
| 300 | _a244P | ||
| 942 |
_cBK _2ddc |
||
| 999 |
_c573918 _d573918 |
||